000 00226nam a2200097Ia 4500
008 170619s9999 xx 000 0 und d
100 _aPujari- A.K
245 0 _aData Mining Techniques
260 _bUNIVERSITIES PRESS
260 _c2012
546 _aENGLISH
999 _c21374
_d21374